[Event "Sydney International Open"]
[Site "*"]
[Date "2007.04.12"]
[Round "4.49"]
[White "Guo, Emma"]
[Black "Canfell, Mike J"]
[Result "0-1"]
[WhiteElo "1543"]
[BlackElo "1976"]
[PlyCount "108"]

1. e4 c5 2. Nc3 Nc6 3. f4 g6 4. Nf3 Bg7 5. Bb5 Nd4 6. O-O a6 7. Be2 d6 8. d3
Nf6 9. Qd2 O-O 10. Bd1 b5 11. Qf2 Ng4 12. Qg3 e5 13. Ng5 exf4 14. Bxf4 Ne5 15.
Nd5 h6 16. Nh3 Be6 17. Nc3 Qd7 18. Nf2 Kh7 19. Ne2 g5 20. Bc1 f5 21. c3 Nxe2+
22. Bxe2 f4 23. Bxf4 Rxf4 24. d4 cxd4 25. cxd4 Bc4 26. Rfe1 Bxe2 27. Rxe2 Ng6
28. Rd1 Rf7 29. Qb3 Raf8 30. e5 dxe5 31. dxe5 Qa7 32. Qc2 Bxe5 33. Rf1 Bd4 34.
h3 Bxf2+ 35. Rfxf2 Rxf2 36. Rxf2 Qxf2+ 37. Qxf2 Rxf2 38. Kxf2 Kg7 39. Ke3 Nf4
40. Kd4 Nxg2 41. Kc5 Nf4 42. Kb6 Nxh3 43. Kxa6 g4 44. Kxb5 g3 45. a4 g2 46. Kc6
g1=Q 47. b4 Qg6+ 48. Kb5 Qf5+ 49. Kc6 Qe6+ 50. Kb5 Qd7+ 51. Ka5 Qa7+ 52. Kb5
Nf4 53. a5 Nd5 54. Ka4 Qd4 0-1

[Event "Sydney International Open"]
[Site "*"]
[Date "2007.04.12"]
[Round "4.51"]
[White "Maroroa, Sue"]
[Black "Cohn, Jason"]
[Result "0-1"]
[WhiteElo "1932"]
[BlackElo "1612"]
[PlyCount "50"]

1. e4 d5 2. exd5 Qxd5 3. d4 Bf5 4. Nf3 Qe4+ 5. Qe2 Qxc2 6. Qxc2 Bxc2 7. Nc3 c6
8. Bf4 e6 9. Kd2 Bg6 10. Nh4 Nf6 11. Nxg6 hxg6 12. a3 Nbd7 13. f3 Nb6 14. Bd3
Rd8 15. Ne2 Nbd5 16. Bg3 Nh5 17. Bf2 Nhf4 18. g3 Nxd3 19. Kxd3 Be7 20. b4 Bf6
21. Rab1 O-O 22. h4 e5 23. Kc4 Nb6+ 24. Kc3 exd4+ 25. Bxd4 Na4+ 0-1

[Event "Sydney International Open"]
[Site "*"]
[Date "2007.04.12"]
[Round "4.52"]
[White "Greenwood, Norman"]
[Black "Dickson, Ian C"]
[Result "1/2-1/2"]
[WhiteElo "1515"]
[BlackElo "1923"]
[PlyCount "162"]

1. d4 Nf6 2. Nf3 g6 3. Bg5 Bg7 4. Nbd2 d5 5. e3 b6 6. Bd3 Bb7 7. Ne5 c5 8. Bb5+
Nfd7 9. f4 a6 10. Nxd7 Nxd7 11. Bxd7+ Qxd7 12. c3 O-O 13. O-O Rac8 14. Qf3 f5
15. Qh3 Bf6 16. Nf3 Rfe8 17. Ne5 Bxe5 18. fxe5 h5 19. Qh4 Qe6 20. Rf4 Qf7 21.
Raf1 Qg7 22. R4f3 Bc6 23. Rg3 Kh7 24. Rxf5 Bd7 25. Rf2 Be6 26. Bf4 Rf8 27. Rg5
Rf5 28. h3 Rxg5 29. Bxg5 Rc7 30. g4 Kg8 31. gxh5 gxh5 32. Qxh5 Bf7 33. Qf3 Rc6
34. h4 Rg6 35. Kf1 Be6 36. Ke1 Qf7 37. Qxf7+ Bxf7 38. Bxe7 c4 39. Kf1 Rg3 40.
Rg2 Rxg2 41. Kxg2 Bg6 42. Kg3 Kf7 43. Bd8 b5 44. Kg4 Ke6 45. Kg5 Be4 46. Kf4
Kf7 47. Kg3 Bf5 48. Kf2 Kg6 49. Ke1 Kf7 50. Kd1 Bg4+ 51. Kc2 Bf3 52. b3 Be4+
53. Kb2 Ke8 54. Bf6 Kd7 55. Ka3 Bf3 56. Kb4 Kc6 57. bxc4 bxc4 58. Ka3 Bg4 59.
Kb2 Kd7 60. Kc2 Ke6 61. Kb2 Kf5 62. Ka3 Ke4 63. Bg5 Kd3 64. Kb4 a5+ 65. Kxa5
Kxc3 66. Kb5 Kd3 67. Kc5 Ke4 68. Kb4 Kd3 69. a4 c3 70. e4 Kxd4 71. exd5 Kxd5
72. Kxc3 Kxe5 73. Kc4 Kd6 74. Kd4 Kc6 75. a5 Kb7 76. Ke4 Ka8 77. Be7 Be2 78.
Kf4 Bd1 79. Ke5 Kb7 80. Kd6 Bh5 81. Kc5 Bg4 1/2-1/2

[Event "Sydney International Open"]
[Site "*"]
[Date "2007.04.12"]
[Round "4.53"]
[White "Brown, Andrew"]
[Black "Evans, David A"]
[Result "1-0"]
[WhiteElo "1917"]
[BlackElo "1597"]
[PlyCount "89"]

1. d4 Nf6 2. Nf3 g6 3. Bg5 Bg7 4. Nbd2 O-O 5. c3 d6 6. e4 h6 7. Bh4 Nbd7 8. Bc4
c5 9. e5 dxe5 10. dxe5 Ne8 11. e6 fxe6 12. Bxe6+ Kh7 13. Qe2 Ndf6 14. Bb3 Nd6
15. O-O Nf5 16. Rfe1 Nxh4 17. Nxh4 Ng4 18. Ndf3 Bf6 19. Rad1 Qc7 20. h3 Bxh4
21. hxg4 Bxg4 22. Ng5+ hxg5 23. Qxe7+ Qxe7 24. Rxe7+ Kh6 25. Rf1 Rab8 26. g3
Bxg3 27. fxg3 Rxf1+ 28. Kxf1 Bf3 29. Rf7 Be4 30. Re7 Bd3+ 31. Kf2 c4 32. Bd1
Rf8+ 33. Kg2 Bf1+ 34. Kg1 Bh3 35. Be2 Bc8 36. Bxc4 Rd8 37. Kf2 Rd2+ 38. Re2
Rxe2+ 39. Bxe2 g4 40. Ke3 Kg5 41. Ke4 Kf6 42. a3 b6 43. Kd5 Ke7 44. Kc6 Kd8 45.
Bf1 1-0

[Event "Sydney International Open"]
[Site "*"]
[Date "2007.04.12"]
[Round "4.54"]
[White "Leong, Edward"]
[Black "Schon, Eugene"]
[Result "0-1"]
[WhiteElo "1510"]
[BlackElo "1914"]
[PlyCount "132"]

1. e4 e6 2. d4 d5 3. Nd2 c5 4. exd5 Qxd5 5. Nb3 Nf6 6. Nf3 cxd4 7. Qxd4 Nc6 8.
Qxd5 Nxd5 9. c3 Be7 10. Bb5 Bd7 11. O-O O-O 12. Bg5 f6 13. Bh4 Ne5 14. Bxd7
Nxd7 15. Rfe1 e5 16. Rad1 N5b6 17. Nbd2 Rac8 18. Ne4 g5 19. Bg3 h6 20. Nd6 Bxd6
21. Rxd6 Rf7 22. Red1 Re8 23. h3 Kg7 24. Ne1 Nc5 25. b3 Ne4 26. R6d3 f5 27. c4
f4 28. Bh2 Nc5 29. Rd6 Ree7 30. Nc2 Rd7 31. Rxd7 Rxd7 32. Rxd7+ Nbxd7 33. f3
Nd3 34. b4 e4 35. fxe4 Nf6 36. Kf1 Nxe4 37. Ke2 Nc1+ 38. Kd1 Nxa2 39. Bg1 b6
40. c5 Nac3+ 41. Ke1 bxc5 42. bxc5 Nd5 43. Na3 Nb4 44. Kd1 Kf7 45. Nc4 Nc6 46.
Nd6+ Nxd6 47. cxd6 Ke6 48. Bc5 a6 49. Ke2 Ne5 50. Ba3 Nf7 51. Kd3 Nxd6 52. Ke2
h5 53. Kf3 Nc4 54. Bb4 Kf5 55. g3 Ne5+ 56. Kg2 f3+ 57. Kf1 g4 58. h4 Ke4 59.
Kg1 Nc4 60. Kf2 a5 61. Bc3 a4 62. Kf1 a3 63. Kg1 Ke3 64. Be1 a2 65. Bf2+ Ke2
66. Kh2 Kxf2 0-1

[Event "Sydney International Open"]
[Site "*"]
[Date "2007.04.12"]
[Round "4.55"]
[White "Jule, Alexandra"]
[Black "Evans, Carrie"]
[Result "1-0"]
[WhiteElo "1909"]
[BlackElo "1461"]
[PlyCount "23"]

1. d4 Nf6 2. Nf3 g6 3. g3 Bg7 4. Bg2 O-O 5. O-O d5 6. c4 c6 7. Nc3 Nbd7 8. Re1
Re8 9. cxd5 cxd5 10. Bf4 Nb6 11. Nb5 Nfd7 12. Bc7 1-0

[Event "Sydney International Open"]
[Site "*"]
[Date "2007.04.12"]
[Round "4.56"]
[White "Kumar, Dhirendra"]
[Black "Bekker, Gary D"]
[Result "0-1"]
[WhiteElo "1314"]
[BlackElo "1904"]
[PlyCount "176"]

1. d4 d5 2. c4 Nc6 3. Nf3 Bg4 4. e3 e6 5. Nc3 Nf6 6. Be2 Be7 7. a3 dxc4 8. Qa4
O-O 9. O-O a6 10. Qxc4 Na5 11. Qa2 b5 12. Ne5 Bxe2 13. Nxe2 Nb7 14. b4 Qd5 15.
Qxd5 exd5 16. Ng3 Nd6 17. f3 Rfe8 18. Nc6 Bf8 19. Ne5 g6 20. Bb2 Bh6 21. Bc1
Bg7 22. Bb2 Re6 23. Rfe1 Rae8 24. a4 Nc4 25. Bc3 Nxe5 26. dxe5 Nd7 27. f4 f6
28. axb5 axb5 29. Ra7 Rc6 30. Bd4 fxe5 31. fxe5 Bxe5 32. Bxe5 Rxe5 33. Nf1 d4
34. Rd1 Nb6 35. Rb7 dxe3 36. Re1 Nc4 37. Re2 Kf7 38. g4 Ke7 39. Kg2 Kd7 40. Rb8
Rd6 41. Rf8 Ke7 42. Rh8 h5 43. Rh7+ Kd8 44. Rh8+ Kd7 45. Rh7+ Kc6 46. h3 Rf6
47. Kg1 Rf4 48. Rh6 Rf6 49. Nh2 Rd6 50. Nf1 hxg4 51. hxg4 Re4 52. Kh2 Rxg4 53.
Nxe3 Re4 54. Rh3 Rde6 55. Ra2 Rxe3 56. Ra6+ Nb6 57. Rh4 Rb3 58. Ra2 Nc4 59.
Ra6+ Kd5 60. Ra1 Re2+ 61. Kg1 Rxb4 62. Rd1+ Kc6 63. Rg4 Re6 64. Ra1 Rb2 65.
Ra6+ Nb6 66. Kf1 Rbe2 67. Rg5 R2e5 68. Rg2 Re1+ 69. Kf2 R1e2+ 70. Kf3 R6e3+ 71.
Kf4 Kb7 72. Ra5 Nd5+ 73. Kg5 Rxg2+ 74. Kh6 Kb6 75. Ra1 g5 76. Rd1 c6 77. Kh5 g4
78. Kh4 Rh3+ 79. Kg5 g3 80. Re1 Rgh2 81. Kg4 g2 82. Rg1 Ne3+ 83. Kf4 Rh1 84.
Rxg2 Nxg2+ 85. Kg4 Ne3+ 86. Kf4 Nd5+ 87. Kg4 Re3 88. Kf5 Rf1+ 0-1

[Event "Sydney International Open"]
[Site "*"]
[Date "2007.04.12"]
[Round "4.57"]
[White "Reid, Vaness"]
[Black "Wu, Shirley"]
[Result "0-1"]
[WhiteElo "1885"]
[BlackElo "1502"]
[PlyCount "110"]

1. d4 f5 2. g3 g6 3. Bg2 Nf6 4. Nh3 Bg7 5. Nd2 O-O 6. Nf3 d6 7. Nf4 Ne4 8. Nd3
c6 9. c3 Kh8 10. O-O Qe8 11. Bf4 h6 12. h4 Nd7 13. Qc1 Kh7 14. Bd2 e5 15. e3 g5
16. hxg5 hxg5 17. Nh2 d5 18. f3 Nxg3 19. Rf2 e4 20. Nb4 Rf6 21. c4 a5 22. Nc2
Nb6 23. b3 Be6 24. Nf1 Nh5 25. c5 Nd7 26. Qe1 Qd8 27. Bh1 Rh6 28. Rh2 Qc7 29.
Qe2 Rg8 30. fxe4 Ng3 31. Rxh6+ Bxh6 32. Nxg3 Qxg3+ 33. Qg2 Qxg2+ 34. Bxg2 fxe4
35. Bxa5 Kg6 36. a4 Bg7 37. Rf1 Bg4 38. Kh2 Rf8 39. Rxf8 Nxf8 40. Bh3 Bd1 41.
Na1 g4 42. Bf1 Bh6 43. Bd2 Ne6 44. a5 Nxd4 45. exd4 Bxd2 46. a6 bxa6 47. Kg2 a5
48. Ba6 Bc3 49. Bb7 Bxa1 50. Bxc6 Bxb3 51. Be8+ Kf6 52. c6 e3 53. c7 e2 54. Kf2
Bxd4+ 55. Kxe2 Bc4+ 0-1

[Event "Sydney International Open"]
[Site "*"]
[Date "2007.04.12"]
[Round "4.58"]
[White "Sweeney, Matthew"]
[Black "Huynh, Arthur"]
[Result "0-1"]
[WhiteElo "1267"]
[BlackElo "1879"]
[PlyCount "106"]

1. e4 c5 2. f4 d5 3. exd5 Qxd5 4. Nc3 Qd8 5. Bb5+ Bd7 6. Nf3 Bxb5 7. Nxb5 Nc6
8. O-O e6 9. d3 Nf6 10. f5 exf5 11. Bf4 Rc8 12. Qe1+ Be7 13. Qg3 O-O 14. Bh6
Ng4 15. Bxg7 Kxg7 16. h3 h5 17. hxg4 fxg4 18. Ne5 Bd6 19. Nxd6 Qxd6 20. Rae1 f6
21. Rf5 Nxe5 22. Rxh5 Qd4+ 23. Kf1 Rce8 24. Re4 Qd7 25. Qf4 Rh8 26. Rf5 Rh6 27.
Ke2 b6 28. b3 Ng6 29. Qxg4 Rxe4+ 30. Qxe4 Qe7 31. Ke3 Qxe4+ 32. Kxe4 Ne7 33.
Rf2 Kg6 34. c4 Rh4+ 35. Kf3 Nf5 36. g3 Nd4+ 37. Ke3 Rh3 38. Kf4 Rh1 39. Ke4
Re1+ 40. Kd5 Re2 41. Rf4 Re5+ 42. Kd6 Nf5+ 43. Kc7 Nxg3 44. d4 cxd4 45. Rxd4 f5
46. Kd6 Re2 47. c5 bxc5 48. Kxc5 Rxa2 49. b4 Kg5 50. b5 f4 51. Rd8 f3 52. Ra8
f2 53. b6 axb6+ 0-1

[Event "Sydney International Open"]
[Site "*"]
[Date "2007.04.12"]
[Round "4.59"]
[White "Guo-Yuthok, Sherab"]
[Black "Kumar, Sanjesh"]
[Result "1-0"]
[WhiteElo "1877"]
[BlackElo "1153"]
[PlyCount "53"]

1. e4 c5 2. Nc3 e6 3. f4 Nc6 4. Nf3 Nf6 5. Bb5 a6 6. Bxc6 bxc6 7. d3 Be7 8. O-O
O-O 9. Qe1 Qb6 10. Kh1 d5 11. e5 Nd7 12. b3 Qc7 13. Qg3 f6 14. Bd2 fxe5 15.
fxe5 Rf5 16. Rae1 Nb6 17. Nd1 Rf7 18. Ne3 a5 19. Ng4 Bd7 20. Nh6+ Kf8 21. Nh4
gxh6 22. Bxh6+ Ke8 23. Rxf7 Bc8 24. Qg8+ Kd7 25. Rxe7+ Kxe7 26. Bg5+ Kd7 27.
Qf7# 1-0

[Event "Sydney International Open"]
[Site "*"]
[Date "2007.04.12"]
[Round "4.60"]
[White "Tan, Justin"]
[Black "Tenorio, Leonardo"]
[Result "0-1"]
[WhiteElo "367"]
[BlackElo "1861"]
[PlyCount "54"]

1. e4 c5 2. Nf3 Nc6 3. Bb5 d6 4. d4 cxd4 5. Qxd4 Bd7 6. Bxc6 bxc6 7. Nc3 e5 8.
Qd3 Bc8 9. Bg5 Qb6 10. O-O Ba6 11. Be3 Bxd3 12. Bxb6 Bxf1 13. Rxf1 axb6 14. a3
Nf6 15. b4 Rxa3 16. Nb1 Ra1 17. Nbd2 Rxf1+ 18. Kxf1 Be7 19. Ke2 Kd7 20. Ke3 Ra8
21. Nc4 Kc7 22. h3 b5 23. Nb2 Ra2 24. Nd3 Rxc2 25. Nd2 Nh5 26. g4 Bg5+ 27. f4
Nxf4 0-1

[Event "Sydney International Open"]
[Site "*"]
[Date "2007.04.12"]
[Round "4.63"]
[White "Forster, William"]
[Black "Setiabudi, Allen"]
[Result "1-0"]
[WhiteElo "1983"]
[BlackElo "1476"]
[PlyCount "36"]

1. e4 c5 2. Nf3 e6 3. b3 a6 4. Bb2 Nc6 5. Be2 Nf6 6. e5 Nd5 7. O-O Be7 8. Re1
O-O 9. Bf1 f5 10. c4 Nf4 11. d4 Qe8 12. d5 Nb8 13. Qd2 Nh5 14. Nc3 Qg6 15. Na4
Qg4 16. h3 Qg6 17. Nb6 Ra7 18. d6 Bg5 1-0

[Event "Sydney International Open"]
[Site "*"]
[Date "2007.04.12"]
[Round "4.64"]
[White "Parker, Trent"]
[Black "Marquez, Julius Caesar"]
[Result "1-0"]
[WhiteElo "1483"]
[BlackElo "1700"]
[PlyCount "53"]

1. Nf3 d5 2. d4 c6 3. c4 Nf6 4. Nc3 e6 5. Bg5 Be7 6. e3 O-O 7. Qc2 dxc4 8. Bxc4
b5 9. Bd3 h6 10. Bxf6 Bxf6 11. b4 a5 12. Qb3 Bb7 13. O-O a4 14. Qc2 Qb6 15. a3
Nd7 16. Rac1 e5 17. Ne4 exd4 18. Nxf6+ Nxf6 19. Nxd4 Rac8 20. Qc5 Qc7 21. Nxb5
Qd7 22. Nd6 Rcd8 23. Nxb7 Qxb7 24. Be2 Rd5 25. Qxc6 Qe7 26. Qc7 Qe6 27. Bc4 1-0

[Event "Sydney International Open"]
[Site "*"]
[Date "2007.04.12"]
[Round "4.66"]
[White "Escalante, Lorenzo"]
[Black "Ren, Jonathan"]
[Result "1-0"]
[WhiteElo "1855"]
[BlackElo "1337"]
[PlyCount "99"]

1. d4 Nc6 2. Nf3 d5 3. c4 Bg4 4. e3 e6 5. Be2 Nf6 6. O-O Be7 7. Nc3 O-O 8. b3
a6 9. Bb2 Re8 10. Rc1 Bb4 11. a3 Bxc3 12. Bxc3 Ne4 13. Bb2 Qf6 14. Qc2 Qg6 15.
Nh4 Qg5 16. Nf3 Qg6 17. Ne1 Bxe2 18. Qxe2 Nf6 19. Nd3 Nd7 20. Nf4 Qg5 21. Qf3
Nb6 22. cxd5 Nxd5 23. Rc5 Nce7 24. Nxd5 Nxd5 25. e4 b6 26. Rc6 Nf6 27. Rxc7 Qd2
28. e5 Qxb2 29. exf6 Qxd4 30. Rfc1 Rad8 31. fxg7 Qxg7 32. g3 Kf8 33. R1c4 Re7
34. Qb7 Rde8 35. Qxb6 Qa1+ 36. Kg2 Rxc7 37. Rxc7 Qxa3 38. b4 Qd3 39. Qc5+ Kg8
40. Qg5+ Qg6 41. Qe3 Qf5 42. Rc5 Qb1 43. Rg5+ Kf8 44. Qc5+ Re7 45. Qd4 e5 46.
Qd8+ Re8 47. Qd6+ Re7 48. Rxe5 Kg8 49. Qxe7 Qc2 50. Rg5+ 1-0

[Event "Sydney International Open"]
[Site "*"]
[Date "2007.04.12"]
[Round "4.67"]
[White "Tulic, Ido"]
[Black "Korenevski, Oleg"]
[Result "0-1"]
[WhiteElo "1450"]
[BlackElo "1933"]
[PlyCount "52"]

1. e4 c5 2. Nf3 d6 3. d4 cxd4 4. Nxd4 Nf6 5. Bd3 g6 6. Bg5 Bg7 7. O-O O-O 8. h3
Nc6 9. c3 d5 10. Re1 dxe4 11. Bxe4 Nxe4 12. Rxe4 h6 13. Bh4 g5 14. Bg3 e5 15.
Na3 exd4 16. Qf3 dxc3 17. bxc3 f5 18. Re2 f4 19. Bh2 Bf5 20. Nc4 Qd3 21. Rae1
Qxf3 22. gxf3 Bd3 23. Re6 Bxc4 24. Rc1 Bxe6 25. h4 Bxa2 26. hxg5 hxg5 0-1

[Event "Sydney International Open"]
[Site "*"]
[Date "2007.04.12"]
[Round "4.68"]
[White "Watson, Jean"]
[Black "Tankel, Alan"]
[Result "0-1"]
[WhiteElo "1234"]
[BlackElo "1780"]
[PlyCount "47"]

1. d4 d5 2. Nf3 Nf6 3. e3 e6 4. c4 c6 5. Be2 Nbd7 6. O-O dxc4 7. Bxc4 b5 8. Be2
Bb7 9. b3 a6 10. Bb2 Qb6 11. Nc3 c5 12. dxc5 Bxc5 13. Qc2 Rc8 14. Rac1 Bxe3 15.
fxe3 Qxe3+ 16. Kh1 b4 17. Nd1 Rxc2 18. Nxe3 Rxb2 19. Rc2 Rxc2 20. Nxc2 Nd5 21.
a3 bxa3 22. Nxa3 Ke7 23. Rc1 Rc8 24. Rd1 0-1

[Event "Sydney International Open"]
[Site "*"]
[Date "2007.04.12"]
[Round "4.69"]
[White "Neegam, Gor"]
[Black "Nomat, Emil-Lion"]
[Result "0-1"]
[WhiteElo "1641"]
[BlackElo "1461"]
[PlyCount "78"]

1. e4 Nf6 2. Nc3 c6 3. d4 e6 4. Nf3 Be7 5. Be2 a6 6. Be3 b5 7. d5 Bb4 8. Qd2
cxd5 9. exd5 Nxd5 10. O-O Nxe3 11. Qxe3 Be7 12. Qe4 d5 13. Qd4 O-O 14. Qg4 Nd7
15. Qh3 Re8 16. Bd3 Nf8 17. Rae1 e5 18. Nxe5 Bxh3 19. gxh3 Bd6 20. Nc6 Qc7 21.
Nd4 Bxh2+ 22. Kh1 Bd6 23. Nxd5 Qb7 24. Be4 Rxe4 25. Rxe4 Qxd5 26. Rfe1 Re8 27.
f3 Rxe4 28. Rxe4 f5 29. Re3 Qxd4 30. Rd3 Qf4 31. Kg1 Qc1+ 32. Kf2 Qxc2+ 33. Ke3
Bc5+ 34. Kf4 Ng6+ 35. Kxf5 Qxd3+ 36. Kg4 Bf2 37. h4 Nxh4 38. f4 Qf3+ 39. Kg5
h6# 0-1

[Event "Sydney International Open"]
[Site "*"]
[Date "2007.04.12"]
[Round "4.70"]
[White "Ross, Bill"]
[Black "McKenzie, Mark"]
[Result "1-0"]
[WhiteElo "1533"]
[BlackElo "1214"]
[PlyCount "63"]

1. e4 Nf6 2. e5 Nd5 3. c4 Nb6 4. d4 d6 5. Nf3 Bg4 6. exd6 cxd6 7. d5 N8d7 8. b3
Rc8 9. Be2 e6 10. dxe6 Bxe6 11. O-O Be7 12. Nc3 O-O 13. Bb2 Ne5 14. Nxe5 dxe5
15. Qc2 Qc7 16. Rad1 Rfd8 17. Bd3 f5 18. Bxf5 Bxf5 19. Qxf5 Rf8 20. Qe6+ Kh8
21. Nd5 Nxd5 22. Rxd5 Bc5 23. Qxe5 b6 24. Qxc7 Rxc7 25. Bd4 Be7 26. Be3 Rd8 27.
Rxd8+ Bxd8 28. Rd1 Rc8 29. Rd7 a5 30. Bd4 Bf6 31. Bxf6 gxf6 32. Rd6 1-0

[Event "Sydney International Open"]
[Site "*"]
[Date "2007.04.12"]
[Round "4.71"]
[White "Tacorda, Ely"]
[Black "Kumar, Karishma"]
[Result "0-1"]
[WhiteElo "1500"]
[BlackElo "755"]
[PlyCount "60"]

1. e4 e5 2. d3 Nf6 3. Nf3 Nc6 4. Nc3 Bb4 5. Bd2 d6 6. g3 Bg4 7. Bg2 Nd4 8. h3
Nxf3+ 9. Bxf3 Bxf3 10. Qxf3 Qd7 11. a3 Ba5 12. a4 a6 13. b3 Qc6 14. b4 Bxb4 15.
Rb1 Bxc3 16. Qe2 Bxd2+ 17. Qxd2 Qxa4 18. f3 Qa2 19. Qc1 Qa5+ 20. Ke2 Nh5 21.
Kf2 Qc5+ 22. Ke2 Nxg3+ 23. Kd2 Nxh1 24. Qxh1 O-O-O 25. h4 Qf2+ 26. Kc3 d5 27.
Kb2 dxe4 28. dxe4 Rd2 29. Ka1 Qd4+ 30. c3 Qxc3+ 0-1

[Event "Sydney International Open"]
[Site "*"]
[Date "*"]
[Round "5.6"]
[White "Xie, George"]
[Black "Antic, Dejan"]
[Result "*"]
[WhiteElo "2404"]
[BlackElo "2443"]
[WhiteACF "2375"]
[BlackACF "2428"]
1.e4 e6 2.d4 d5 3.Nc3 Nf6 4.Bg5 dxe4 5.Nxe4 Nbd7 6.Nxf6+ Nxf6 7.Nf3 h6 8.Bh4 c5 9.Ne5 a6 10.c3 Qc7 11.Qa4+ Bd7 12.Nxd7 Qxd7 13.Qxd7+ Nxd7 14.d5 exd5 15.O-O-O Nb6 16.a4 g5 17.Bg3 O-O-O 18.Be5 Rg8 19.Bd3 Bd6 20.Bf6 Bf4+ 21.Kc2 Rd6 22.Be7 Rc6 23.a5 Nc4 24.Bf5+ Kb8 25.Rxd5 Nxa5 26.Bxc5 Nc4 27.Be7 Rb6 28.g3 Bc7 29.Rc5 Re8 30.Re1 Ne5

[Event "Sydney International Open"]
[Site "*"]
[Date "2007.04.13"]
[Round "7.6"]
[White "Oliver, Gareth"]
[Black "Smerdon, David C"]
[Result "1-0"]
[WhiteElo "2110"]
[BlackElo "2456"]
[PlyCount "69"]

1. d4 Nf6 2. c4 g6 3. Nc3 d5 4. cxd5 Nxd5 5. Bd2 Nb6 6. Nf3 Nc6 7. e4 Bg4 8.
Be3 Bg7 9. d5 Ne5 10. Be2 Bxf3 11. gxf3 O-O 12. Qb3 Qc8 13. h3 c6 14. Rc1 Kh8
15. f4 Ned7 16. Bf3 Rd8 17. O-O e5 18. dxe6 fxe6 19. Qxe6 Ne5 20. Bg4 Qxe6 21.
Bxe6 Nd3 22. Rc2 Re8 23. f5 gxf5 24. exf5 Nxb2 25. Ne4 N2c4 26. Bc5 Ne5 27. Nd6
Re7 28. f4 Nd3 29. Ba3 Bd4+ 30. Kh1 c5 31. Rd2 Rd8 32. Nf7+ Rxf7 33. Bxf7 Nb4
34. Bxb4 cxb4 35. Be6 1-0

[Event "Sydney International Open"]
[Site "*"]
[Date "2007.04.13"]
[Round "7.7"]
[White "Johansen, Darryl K"]
[Black "Chow, Samuel"]
[Result "1/2-1/2"]
[WhiteElo "2456"]
[BlackElo "2220"]
[PlyCount "82"]

1. c4 Nf6 2. Nc3 c5 3. g3 g6 4. Bg2 Bg7 5. e3 O-O 6. Nge2 d6 7. O-O Na6 8. d4
Rb8 9. b3 Nc7 10. Bb2 b6 11. Qd2 a6 12. Rfd1 Qe8 13. Rac1 Bb7 14. e4 cxd4 15.
Nxd4 Ne6 16. Nd5 Nxd4 17. Bxd4 Bxd5 18. cxd5 Nd7 19. Bxg7 Kxg7 20. b4 Rc8 21.
Rxc8 Qxc8 22. Rc1 Qb7 23. Rc6 Re8 24. Qc3+ Nf6 25. Rc7 Qb8 26. Bh3 b5 27. Bc8
a5 28. bxa5 b4 29. Qc4 Nxe4 30. Bd7 Rd8 31. Qd4+ Nf6 32. Ra7 b3 33. axb3 Qxb3
34. Bc6 Rb8 35. Rxe7 Rb4 36. Qa7 Qd1+ 37. Kg2 Rb1 38. Rxf7+ Kg8 39. Rxf6 Qf1+
40. Kf3 Qd1+ 41. Kg2 Qf1+ 1/2-1/2

[Event "Sydney International Open"]
[Site "*"]
[Date "2007.04.13"]
[Round "7.9"]
[White "Xie, George"]
[Black "Wallis, Christopher"]
[Result "1-0"]
[WhiteElo "2404"]
[BlackElo "2178"]
[PlyCount "57"]

1. e4 e5 2. Nf3 Nc6 3. Nc3 Nf6 4. g3 d5 5. exd5 Nxd5 6. Bg2 Nxc3 7. bxc3 Bd6 8.
O-O O-O 9. Rb1 Rb8 10. d3 Bg4 11. h3 Bd7 12. Nd2 Ne7 13. Ne4 Bc6 14. Qh5 f6 15.
c4 Be8 16. Qd1 Nc6 17. f4 Be7 18. f5 Bf7 19. g4 Qd7 20. h4 Rfd8 21. g5 Nd4 22.
Qg4 Kh8 23. c3 Nc6 24. Rf3 Qe8 25. g6 Bg8 26. Rg3 h6 27. Qh5 Bf8 28. Nxf6 Qe7
29. Ne4 1-0

[Event "Sydney International Open"]
[Site "*"]
[Date "2007.04.13"]
[Round "7.12"]
[White "Lane, Gary W"]
[Black "Chokshi, Manthan"]
[Result "1-0"]
[WhiteElo "2421"]
[BlackElo "2168"]
[PlyCount "51"]

1. e4 c5 2. Nc3 d6 3. Nf3 a6 4. d4 cxd4 5. Nxd4 Nf6 6. a4 g6 7. Be2 Bg7 8. O-O
O-O 9. Be3 Nbd7 10. f4 Nc5 11. Bf3 Qc7 12. a5 Bd7 13. f5 Rac8 14. g4 Bc6 15.
Nxc6 bxc6 16. e5 Nfd7 17. f6 exf6 18. exd6 Qb8 19. Qd2 Rfd8 20. Rad1 Ne6 21.
Be2 Ndc5 22. b4 Nb7 23. Ne4 Ng5 24. Bxg5 fxg5 25. Rxf7 Kxf7 26. Bc4+ 1-0

[Event "Sydney International Open"]
[Site "*"]
[Date "2007.04.13"]
[Round "7.16"]
[White "Bucher, Denis"]
[Black "Bennett, Hilton"]
[Result "1-0"]
[WhiteElo "2315"]
[BlackElo "2134"]
[PlyCount "29"]

1. e4 g6 2. d4 Bg7 3. Nc3 d5 4. e5 c5 5. dxc5 d4 6. Ne4 Qd5 7. Qf3 Qxe5 8. Bf4
Qe6 9. Bb5+ Nd7 10. Ne2 h6 11. O-O Ngf6 12. Nxf6+ Qxf6 13. c6 bxc6 14. Bxc6 Ba6
15. Bxd7+ 1-0

[Event "Sydney International Open"]
[Site "*"]
[Date "2007.04.13"]
[Round "7.22"]
[White "West, Guy"]
[Black "Zvedeniouk, Ilia"]
[Result "0-1"]
[WhiteElo "2368"]
[BlackElo "2121"]
[PlyCount "72"]

1. e4 e6 2. d4 d5 3. Nc3 Bb4 4. Nge2 dxe4 5. a3 Be7 6. Nxe4 Nd7 7. N2g3 Ngf6 8.
Bc4 Nxe4 9. Nxe4 Nf6 10. Ng5 O-O 11. O-O Bd7 12. Qe2 Bc6 13. Rd1 a6 14. c3 b5
15. Bxe6 h6 16. Nh3 Re8 17. Bb3 Bxa3 18. Qd3 Be4 19. Qf1 Bd6 20. Nf4 c6 21. f3
Bf5 22. g3 Qc7 23. Ng2 c5 24. dxc5 Bxc5+ 25. Kh1 Bh3 26. Bf4 Qc6 27. Qd3 Ng4
28. Rd2 Rad8 29. Qxd8 Nf2+ 30. Kg1 Nd3+ 31. Qd4 Bxd4+ 32. cxd4 Bxg2 33. Rxd3
Bxf3 34. Rc1 Qe4 35. Rd2 g5 36. Bc2 Qd5 0-1

[Event "Sydney International Open"]
[Site "*"]
[Date "2007.04.13"]
[Round "7.37"]
[White "Hu, Jason"]
[Black "Jule, Alexandra"]
[Result "1-0"]
[WhiteElo "2038"]
[BlackElo "1909"]
[PlyCount "87"]

1. c4 c6 2. Nf3 d5 3. Qc2 Nf6 4. g3 g6 5. Bg2 Bg7 6. O-O O-O 7. b3 Bf5 8. d3 a5
9. Bb2 Nbd7 10. Nd4 Bg4 11. h3 e5 12. hxg4 exd4 13. Bxd4 dxc4 14. Qxc4 Nb6 15.
Qc3 Ne4 16. Bxg7 Nxc3 17. Bxc3 a4 18. Nd2 Nd5 19. Bb2 Re8 20. Bf3 Nb4 21. Ne4
Nd5 22. Kg2 axb3 23. axb3 Rxa1 24. Rxa1 Qb6 25. Ra3 Qb4 26. g5 Qf8 27. Ra7 Qb4
28. Ra3 Rb8 29. Bc1 Nb6 30. Nf6+ Kf8 31. Ra7 Qxb3 32. Bf4 Ra8 33. Rxb7 Rc8 34.
Rxb6 Qc2 35. Bd6+ Kg7 36. Be5 Rd8 37. Rb7 Qa4 38. Ng4+ Kf8 39. Nh6 c5 40. Rxf7+
Ke8 41. Rxh7 Rc8 42. Bd6 Ra8 43. Ng4 Ra6 44. Nf6+ 1-0

[Event "Sydney International Open"]
[Site "*"]
[Date "2007.04.13"]
[Round "7.38"]
[White "Tenorio, Leonardo"]
[Black "Camer, Angelito"]
[Result "0-1"]
[WhiteElo "1861"]
[BlackElo "2028"]
[PlyCount "92"]

1. e4 c5 2. Nf3 d6 3. d4 cxd4 4. Nxd4 Nf6 5. Nc3 a6 6. Be2 e5 7. Nb3 Be6 8. Be3
Be7 9. O-O O-O 10. h3 Nc6 11. f4 exf4 12. Bxf4 b5 13. Bf3 Ne5 14. Bxe5 dxe5 15.
Re1 Qb6+ 16. Kh1 Bb4 17. Qd3 Rac8 18. Qe3 Qc7 19. Rac1 Bxc3 20. bxc3 Qxc3 21.
Qg5 h6 22. Qg3 Nh5 23. Qf2 Nf4 24. Kh2 Rfd8 25. Re3 Qb2 26. Ree1 Bxb3 27. axb3
Nd3 28. Rb1 Qxb1 29. cxd3 Qxb3 30. Bg4 Rc6 31. Qa7 Rcd6 32. Rf1 Rxd3 33. Qe7
Rf8 34. Rxf7 Rxf7 35. Be6 Qxe6 36. Qxe6 Rdd7 37. Qxe5 Rfe7 38. Qb8+ Kh7 39. e5
Rb7 40. Qa8 b4 41. Qxa6 b3 42. Qd3+ g6 43. Kg3 b2 44. Qb1 Rxe5 45. Kf2 Rc5 46.
Qe4 b1=Q 0-1

[Event "Sydney International Open"]
[Site "*"]
[Date "2007.04.13"]
[Round "7.39"]
[White "Vlietstra, Marc"]
[Black "Guo-Yuthok, Sherab"]
[Result "1-0"]
[WhiteElo "2022"]
[BlackElo "1877"]
[PlyCount "41"]

1. e4 e5 2. Nf3 Nc6 3. Bb5 f5 4. d4 fxe4 5. Bxc6 bxc6 6. Nxe5 Nf6 7. Bg5 Be7 8.
Bxf6 Bxf6 9. Qh5+ g6 10. Qe2 d5 11. f3 Bxe5 12. dxe5 exf3 13. Qxf3 Bf5 14. O-O
O-O 15. Qc3 Rb8 16. Nd2 c5 17. Nb3 c4 18. Nd4 Be4 19. Qa3 Qg5 20. Rxf8+ Rxf8
21. Qxf8+ 1-0

[Event "Sydney International Open"]
[Site "*"]
[Date "2007.04.13"]
[Round "7.40"]
[White "Karenlampi, Pirkka"]
[Black "Dunlop, Gordon"]
[Result "0-1"]
[WhiteElo "2021"]
[BlackElo "1859"]
[PlyCount "78"]

1. e4 c5 2. Nf3 d6 3. d4 cxd4 4. Nxd4 Nf6 5. Nc3 g6 6. Be2 Bg7 7. f4 O-O 8. Nb3
Nc6 9. g4 a5 10. g5 Nd7 11. a4 b6 12. h4 Nc5 13. h5 Nxb3 14. cxb3 Nd4 15. Bc4
Be6 16. Nd5 Rc8 17. Be3 Bxd5 18. Bxd5 Nc2+ 19. Kd2 Nxa1 20. hxg6 hxg6 21. Qxa1
e6 22. Bb7 Rc7 23. Ba6 d5 24. e5 d4 25. Bf2 Qd5 26. Qd1 Qe4 27. Rh4 d3 28. Bxd3
Rd8 29. Qe2 Qb4+ 30. Ke3 Qxb3 31. Rh1 Rcd7 32. Rd1 Bf8 33. f5 exf5 34. e6 Qxe6+
35. Kf3 Qb3 36. Bxb6 Rxd3+ 37. Rxd3 Qxd3+ 38. Qe3 Qxe3+ 39. Kxe3 Rb8 0-1